01320cam a22003614i 4500003000900000005001700009008004100026020001500067035002700082040003300109082001700142100002700159245006200186264005400248300003800302336002100340337002500361338002300386504004800409505038600457526001000843526001000853526001000863526001000873526000800883526000800891526000800899526000800907526000800915526000800923526000800931650001900939PE-LiUPU20250731172953.0150623s1991 gs rb 000 0 eng d a086554395X a(Sirsi) i9780865543959 aPE-LiUPUbspacPE-LiUPUerda04a239bL372211 aLee, G. Avery,eautor.10aAffirmations of a skeptical believer /cpor G. Avery Lee. 1aMacon, Georgia :bMercer University Press,c1991. a163 páginas ;c23 centímetros atext2rdacontent aunmediated2rdamedia avolume2rdacarrier aBibliografía al pie de algunas páginas.0 aPreface -- An agnostic can be a Christian -- God is -- Who and what is man? -- Sin? What's that? -- A view of the Bible -- Looking at Jesus Christ -- The second most beautiful words -- The necessity of a sense of humor What about miracles? -- A Christian quest through faith, doubt, and the church -- This life, then death: is that all there is? -- A sermon "the impossible dream". aSEG42 aSEG41 aSEG40 aSEG39 aP94 aP87 aP86 aP85 aP77 aP76 aP3514aApologética.